000 01139nam a2200397 a 4500
003 AR-BaBNM
005 20251128210053.0
008 082120s2002 ||||||||||||||000 | spa||
020 _a84-316-2268-7
040 _cAR-BaBNM
100 1 _aFernández, Antonio
245 0 0 _aHistoria Universal
_bedad contemporánea. 4
260 _aBarcelona
_bVicens Vives
_c1994
300 _a881 p.
504 _aAl final de cada capítulo se encuentra la bibliografía y la documentación para consultar
650 4 _aSIGLO DIECINUEVE
650 4 _aSIGLO VEINTE
650 4 _aHISTORIA LATINOAMERICANA
650 4 _aHISTORIA EUROPEA
650 4 _aHISTORIA ECONOMICA
650 4 _aMOVIMIENTO OBRERO
650 4 _aHISTORIA SOCIAL
650 4 _aHISTORIA POLITICA
650 4 _aPRIMERA GUERRA MUNDIAL
650 4 _aSEGUNDA GUERRA MUNDIAL
650 4 _aIMPERIALISMO
650 4 _aGUERRA FRIA
651 4 _aJapón
651 4 _aEstados Unidos
653 _aREVOLUCIONES BURGUESAS
653 _aREVOLUCION INDUSTRIAL
653 _aREVOLUCIONES DE 1830
653 _aREVOLUCIONES DE 1848
942 _cBK
998 _cMariana
999 _c13902
_d13902